BIBLIOTHÈQUE DE LA MAISON DU MEXIQUE

Logo 1 Logo 2

El manumiso (notice nᵒ 7198)

détails MARC
000 -Sello discográfico
campo de control de longitud fija 00857nam a2200277 4500
005 - Identificación de versión
campo de control 20251017062745.0
099 ## - fechas locales
Tipo de ítem Koha LIBRO
100 ## - Datos de procesamiento general
Datos de procesamiento general 20240702d19721967m y1spay5003 ba
105 ## - Campo de datos codificados: Material textual, monográfico
Datos codificados de monografía a 001ay
200 1# - Título y mención de responsabilidad
Título propio El manumiso
Designación general del material texto impreso
Otra información del título novela de un sacerdote mexicano
Primer mención de responsabilidad Gabriel de la Mora
Declaración de responsabilidad subsiguiente ilustraciones Alberto Beltrán
205 ## - Declaración de edición
Declaración de edición 4a ed
210 ## - Publicación, distribución, etc.
Lugar de publicación, distribución, etc. México
Nombre del editor, distribuidor, etc. Editorial España Errante
Fecha de publicación, distribución, etc. 1972
215 ## - Descripción física
Designación de material específico y extensión del ítem 207 p
Otras características físicas il.
Dimensiones 21 cm
345 ## - Nota de información de adquisición
Fuente de adquisición/dirección de la suscripción [OBSOLETO] Donación
606 ## - Término temático usado como materia
Elemento de entrada Novela mexicana
Subdivisión cronológica Siglo XX
Número Koha 64
660 ## - Código de área geográfica
Código MX
700 ## - Nombre personal - Responsabilidad primaria
Elemento de entrada Mora
Parte del nombre distinta del elemento de entrada Gabriel de la
Fechas 1926-1994
Número Koha 13136
702 ## - Nombre personal - Responsabilidad secundaria
Elemento de entrada Beltrán García
Parte del nombre distinta del elemento de entrada Alberto
Fechas 1923-2002
Número Koha 3377
801 #0 - Fuente de origen
País FR
Agencia cm
Reglas de catalogación (convenciones descriptivas) AFNOR
900 ## -
-- 1/22758
900 ## -
-- 7100417642\080104
942 ## - ELEMENTOS DE ENTRADA SECUNDARIOS (KOHA)
Tipo de ítem Koha Livre
996 ## -
-- MEX
-- 751145101
-- MMAG
-- 010568
-- 863.4 M827MA
-- 20240702LIV
Exemplaires
Estatus retirado Estado de daño Estado de pérdida Fecha de adquisición Biblioteca de origen Biblioteca actual Ubicación en estantería Código de barras Precio de reemplazo Signatura topográfica completa No para préstamo Tipo de ítem Koha Nota pública Nota no pública
      05/08/2025 Casa México Paris Casa México Paris   010568 05/08/2025 863.4 M827MA   Livre 20240702LIV 751145101